| 000 | 00568cab a22002055a 4500 | ||
|---|---|---|---|
| 001 | L157471 | ||
| 008 | 121218e2012 xxk 000 0 eng d | ||
| 035 | _a(Sirsi) u157471 | ||
| 041 | 0 | _aeng | |
| 100 | 1 | _aLane, Thomas | |
| 245 | 0 | 0 | _aGrowing Pains |
| 260 | _c2012 | ||
| 490 |
_aBuilding _v277 (8756) 7 December 2012, 36-39(4) |
||
| 520 | _aExplores how India can prevent its expeceted develpoment explosion becoming a disaster. | ||
| 590 | _aKA | ||
| 650 | 2 | 4 | _aBUILDING DEVELOPMENT |
| 651 | 4 | _aInternational | |
| 690 | _aBUILDING DEVELOPMENT | ||
| 942 | _n0 | ||
| 999 |
_c84398 _d84398 |
||